000 00647nam a22002297a 4500
003 UA-OsUOA
001 96241
007 ta
008 20130318b un ||||| |||| 00| 0 ukr d
100 _aКораблинов В.
090 _a821.161.1
_bК66
942 _cBK
040 _aUA-OsUOA
_brus
_cUA-OsUOA
_dUA-OsUOA
245 _aЖизнь Кольцова
_bизбранное в двух томах
_c1
300 _a333 с.
955 _a3
041 _arus
080 _a821.161.1
260 _aМ.
_bМолодая гвардия
_c1982
650 7 _a82 Література. Літературознавство
_2UDC
999 _c382490
_d382490